000 00456nam a22001697a 4500
003 NUST
020 _a9783642090226
038 _akhadija
082 _a519.4
_bMAK
100 _aMAKHANOV, STANISLAV S.
_982527
245 _aAdvanced Numerical Methods to Optimize Cutting Operations of Five Axis Milling Machines /
260 _aBerlin:
_bSpringer;
_c2007.
300 _a206p, ;
_b18 cm.
500 _aPaperback.
563 _apaperback
942 _cBK
_2ddc
999 _c32463
_d32463